[Event "AUTO-ADV-1450"]
[Site "http://www.queenalice.com/game.php?id=641385"]
[Date "2009.8.24"]
[Round "1"]
[White "LadyAndrea"]
[Black "Hermano"]
[Result "1-0"]
[WhiteElo "1717"]
[BlackElo "1863"]

1. e4 e5 2. Bc4 Nf6 3. Nf3 d5 4. Bb3 Nxe4 5. Nxe5 Qf6 6. Nf3 c6 7. d3 Nc5 8. O-O
Bg4 9. h3 Bxf3 10. Qxf3 Qxf3 11. gxf3 Nxb3 12. axb3 Nd7 13. Be3 g6 14. Bd4 f6
15. Re1+ Kf7 16. Nd2 Bb4 17. c3 c5 18. Be3 d4 19. cxb4 dxe3 20. Rxe3 cxb4 21.
Rae1 Rhd8 22. Re7+ Kg8 23. Nc4 Nc5 24. Na5 Nxd3 25. R1e2 1-0

[Event "AUTO-ADV-1450"]
[Site "http://www.queenalice.com/game.php?id=641386"]
[Date "2009.8.24"]
[Round "1"]
[White "Hermano"]
[Black "LadyAndrea"]
[Result "1-0"]
[WhiteElo "1835"]
[BlackElo "1721"]

1. e4 e6 2. a3 Nc6 3. Nf3 Nf6 4. Nc3 a6 5. d4 d5 6. Bg5 h6 7. exd5 exd5 8. Bxf6
Qxf6 9. Nxd5 Qe6+ 10. Ne3 Bd6 11. Bc4 Qf6 12. Nd5 Qd8 13. Qe2+ Be6 14. Ne3 O-O
15. d5 Bxd5 16. Bxd5 Re8 17. O-O-O Qe7 18. Bxc6 bxc6 19. Qd3 Bf4 20. Kb1 Bxe3
21. fxe3 Qxe3 22. Qxe3 Rxe3 23. Rd7 Rc8 24. Nd4 c5 25. Nf5 c4 26. Nxe3 c6 27.
Nf5 Re8 28. Rc7 Re6 29. Ne7+ Kh7 30. Nxc6 f6 31. Nd4 Re5 32. Rxc4 g5 33. h4 Kg6
34. h5+ Kf7 35. Rc7+ Ke8 36. Rf1 Kd8 37. Rh7 Re7 38. Rxh6 f5 39. Rxf5 Kd7 40.
Rxg5 Kc7 41. Rxa6 Kb7 42. Rgg6 Re1+ 43. Ka2 Re7 44. Nb5 1-0

[Event "Challenge"]
[Site "http://www.queenalice.com/game.php?id=643977"]
[Date "2009.8.29"]
[Round "-"]
[White "aureliano"]
[Black "LadyAndrea"]
[Result "0-1"]
[WhiteElo "1353"]
[BlackElo "1678"]

1. c4 e6 2. Nc3 Bb4 3. Qb3 Nc6 4. d4 Bxc3+ 5. Qxc3 Qf6 6. e3 Nge7 7. Nf3 Nf5 8.
g4 Nh4 9. Nxh4 Qxh4 10. Be2 O-O 11. e4 d6 12. d5 Ne7 13. Bf4 e5 14. Bg3 Qg5 15.
h4 Qg6 16. h5 Qh6 0-1

[Event "Challenge"]
[Site "http://www.queenalice.com/game.php?id=643978"]
[Date "2009.8.29"]
[Round "-"]
[White "LadyAndrea"]
[Black "aureliano"]
[Result "1-0"]
[WhiteElo "1675"]
[BlackElo "1356"]

1. d4 d5 2. e3 e6 3. a3 Nc6 4. Bb5 a6 5. Bxc6+ bxc6 6. Nf3 c5 7. Ne5 c4 8. c3
Bd6 9. O-O Nf6 10. f4 Ne4 11. Nd2 O-O 12. Nxe4 f6 13. Nxd6 cxd6 14. Nc6 1-0

[Event "AUTO-ADV-1486"]
[Site "http://www.queenalice.com/game.php?id=658835"]
[Date "2009.9.27"]
[Round "1"]
[White "pgierech"]
[Black "LadyAndrea"]
[Result "1-0"]
[WhiteElo "1984"]
[BlackElo "1772"]

1. e4 e5 2. f4 exf4 3. Nf3 d6 4. d4 Nf6 5. Nc3 Bg4 6. Be2 h6 7. Bxf4 Bxf3 8.
gxf3 Nc6 9. Qd2 Nh5 10. O-O-O Qe7 11. Be3 g5 12. Nd5 Qd7 13. f4 g4 14. h3 O-O-O
15. Bxg4 Qxg4 16. hxg4 Ng3 17. Rh3 Nxe4 18. Qd3 Re8 19. g5 Bg7 20. Nc3 Nxc3 21.
Qxc3 d5 22. Rdh1 hxg5 23. Rxh8 Bxh8 24. fxg5 Ne7 25. Qc5 Kb8 26. Qxe7 1-0

[Event "AUTO-ADV-1486"]
[Site "http://www.queenalice.com/game.php?id=658836"]
[Date "2009.9.27"]
[Round "1"]
[White "LadyAndrea"]
[Black "pgierech"]
[Result "0-1"]
[WhiteElo "1688"]
[BlackElo "1922"]

1. d4 Nf6 2. e3 d5 3. Nf3 Bf5 4. Nc3 c6 5. Bd3 Bxd3 6. Qxd3 h6 7. e4 dxe4 8.
Nxe4 Nbd7 9. Be3 e6 10. a3 Be7 11. O-O Qc7 12. c4 O-O-O 13. b4 Nxe4 14. Qxe4 Nf6
15. Qc2 Ng4 16. h3 Nxe3 17. fxe3 Bf6 18. Rad1 Be7 19. Ne5 Bf6 20. Ng4 Bg5 21. e4
h5 22. Ne5 Bf6 23. a4 Rhf8 24. Nf3 g5 25. Ne5 Qb6 26. c5 Qxb4 27. Nxc6 bxc6 28.
Rxf6 Rxd4 29. Rh6 Rxd1+ 30. Qxd1 Qxc5+ 31. Kh1 h4 32. Rh5 Rd8 33. Qe2 Qc1+ 34.
Kh2 Qf4+ 35. Kg1 Kb7 36. a5 Rd2 37. Qf3 Qc7 38. Rh7 Rd7 39. Rg7 Ka6 40. Qe2+ Kb7
41. Qb2+ Kc8 42. Rg8+ Rd8 43. Rxd8+ Qxd8 44. a6 Qb6+ 45. Qxb6 axb6 46. a7 Kb7
47. a8=Q+ Kxa8 48. Kf2 Kb7 49. Ke3 c5 50. Kd3 Kc6 51. Kc4 b5+ 52. Kb3 Kd6 53.
Kc3 Ke5 54. Kd3 c4+ 55. Kc3 Kxe4 56. Kb4 Kd3 57. Kxb5 c3 0-1

[Event "AUTO-ADV-1486"]
[Site "http://www.queenalice.com/game.php?id=658849"]
[Date "2009.9.27"]
[Round "1"]
[White "devagar"]
[Black "LadyAndrea"]
[Result "1/2-1/2"]
[WhiteElo "2057"]
[BlackElo "1753"]

1. e4 e6 2. d4 d5 3. e5 a6 4. Nf3 h6 5. Nc3 Bb4 6. Bd2 Ne7 7. Bd3 b5 8. O-O c5
9. dxc5 Bxc5 10. Qe2 Nbc6 11. a3 Qc7 12. Rfe1 Bb7 13. Rac1 d4 14. Ne4 Nxe5 15.
Nxe5 Qxe5 16. Nxc5 Qxc5 17. Bb4 Qc6 18. Be4 Nd5 19. c3 Rc8 20. h3 Qc4 21. Qxc4
Rxc4 22. Bxd5 Bxd5 23. cxd4 Rxc1 24. Rxc1 Kd7 25. f3 f5 26. Kf2 Bc4 27. g3 h5
28. h4 Rc8 29. Ke3 Bd5 30. Rxc8 Kxc8 31. Kf4 1/2-1/2

[Event "AUTO-ADV-1486"]
[Site "http://www.queenalice.com/game.php?id=658850"]
[Date "2009.9.27"]
[Round "1"]
[White "LadyAndrea"]
[Black "devagar"]
[Result "0-1"]
[WhiteElo "1693"]
[BlackElo "1957"]

1. d4 d5 2. e3 Nc6 3. Bb5 Bd7 4. Nc3 Nf6 5. Nf3 a6 6. Bxc6 Bxc6 7. Ne5 e6 8.
Nxc6 bxc6 9. b3 Bb4 10. Bd2 Bxc3 11. Bxc3 Ne4 12. Bb2 Qf6 13. O-O Qg6 14. f3 Nd6
15. Ba3 O-O 16. c3 Rfb8 17. Bc5 Nf5 18. Qe2 h5 19. e4 dxe4 20. Qxe4 Rd8 21. Qxc6
Ne3 22. Rf2 Rdc8 23. Qe4 Qxe4 24. fxe4 Ng4 25. Rf3 f6 26. h3 Nh6 27. a4 f5 28.
e5 c6 29. a5 g5 30. Be7 g4 31. hxg4 hxg4 32. Rf4 Kf7 33. Bd6 Kg6 34. g3 Nf7 35.
Be7 Ng5 36. Bxg5 Kxg5 37. Kg2 Rh8 38. Rh1 Rxh1 39. Kxh1 Rb8 40. b4 Rh8+ 41. Kg2
Rb8 42. Rf1 Rh8 43. c4 Rb8 44. Rb1 f4 45. d5 f3+ 46. Kf2 exd5 47. cxd5 cxd5 48.
Ke3 Kf5 49. Kd4 Rb5 50. Rb2 Ke6 51. Rb1 f2 52. Ke3 f1=Q 53. Rxf1 Rxb4 54. Rf6+
Kxe5 55. Rxa6 Rb3+ 56. Kf2 Ra3 57. Ra7 Ke4 58. a6 Ra2+ 59. Ke1 Kf3 60. Rf7+ Kxg3
61. a7 d4 62. Rd7 Ra4 63. Ke2 Ra3 64. Rxd4 Rxa7 65. Rd3+ Kh2 66. Ke3 g3 67. Rd2+
g2 68. Rxg2+ Kxg2 69. Kd4 Re7 70. Kd5 Kf3 71. Kd4 Kf4 72. Kd5 Kf5 73. Kd4 Kf4
74. Kd5 Kf5 75. Kd4 Re5 76. Kd3 Re4 0-1

[Event "AUTO-ADV-1486"]
[Site "http://www.queenalice.com/game.php?id=658857"]
[Date "2009.9.27"]
[Round "1"]
[White "Gerd"]
[Black "LadyAndrea"]
[Result "1-0"]
[WhiteElo "1861"]
[BlackElo "1727"]

1. d4 d5 2. e3 Nf6 3. Bd3 Ne4 4. Bxe4 dxe4 5. Nc3 e6 6. a3 f5 7. Nd5 exd5 8. Ne2
Be7 9. Nf4 Bd6 10. Nxd5 O-O 11. b4 c6 12. Nc3 Be6 13. Bb2 Qg5 14. g3 Bc4 15. Qd2
Nd7 16. O-O-O Nb6 17. h4 Qg4 18. Rdg1 a5 19. h5 h6 20. Rh4 Qf3 21. g4 fxg4 22.
Rhxg4 Qxf2 23. Rxg7+ Kh8 24. Qxf2 Rxf2 25. Nxe4 Rf1+ 26. Kd2 Rxg1 27. Rxg1 Rf8
28. Nxd6 Rf2+ 29. Kc1 Rf1+ 30. Rxf1 Bxf1 31. Nxb7 axb4 32. d5+ Kh7 33. dxc6 bxa3
34. Bxa3 Nd5 35. e4 Nc7 36. Nd8 Be2 37. Bd6 Bxh5 38. Bxc7 Kg6 39. Kd2 Kg5 40. e5
Kf5 41. Bd6 Be8 42. c7 Bd7 43. e6 Bxe6 44. Nxe6 Kxe6 45. Bh2 Kd7 46. c4 h5 47.
Kd3 h4 48. c5 h3 49. Kd4 Kc8 50. Kd5 Kb7 51. c6+ Ka7 52. Kd6 1-0

[Event "AUTO-ADV-1486"]
[Site "http://www.queenalice.com/game.php?id=658858"]
[Date "2009.9.27"]
[Round "1"]
[White "LadyAndrea"]
[Black "Gerd"]
[Result "0-1"]
[WhiteElo "1730"]
[BlackElo "1896"]

1. d4 d5 2. e3 Nf6 3. Bb5+ c6 4. Ba4 b5 5. Bb3 e6 6. Bd2 Bd6 7. Nc3 Nbd7 8. Nf3
b4 9. Na4 a5 10. Nc5 Nxc5 11. dxc5 Bxc5 12. Nd4 Bxd4 13. exd4 Ne4 14. Qf3 Qh4
15. O-O-O Qxf2 16. Rhf1 Qxf3 17. gxf3 Nxd2 18. Rxd2 Ba6 19. Re1 O-O-O 20. f4 g6
21. h4 h5 22. Re3 Kc7 23. a3 Kd6 24. c3 bxa3 25. bxa3 Rb8 26. Kc2 Rhc8 27. a4 c5
28. dxc5+ Rxc5 29. Re5 Bc4 30. Bxc4 Rxc4 31. Rd4 Rxd4 32. cxd4 Rb4 33. Kc3 Rxa4
34. Re2 Rc4+ 35. Kd3 a4 36. Rb2 a3 37. Rb6+ Rc6 38. Rb3 Ra6 39. Kc2 Ra4 40. Rb6+
Ke7 41. Rb7+ Kf6 42. Rb1 Rxd4 43. Rf1 a2 44. Kb2 Rd2+ 45. Ka1 Kf5 46. Rh1 d4 0-1

[Event "BRASIL"]
[Site "http://www.queenalice.com/game.php?id=676089"]
[Date "2009.11.1"]
[Round "-"]
[White "jw16js"]
[Black "LadyAndrea"]
[Result "0-1"]
[WhiteElo "1545"]
[BlackElo "1765"]

1. c4 Nc6 2. g3 e6 3. Bg2 Nf6 4. Bxc6 dxc6 5. f3 Bc5 6. Nh3 h6 7. Nc3 O-O 8. e3
e5 9. e4 Bxh3 10. Ke2 Qd4 11. Qg1 Qxc4+ 12. d3 Qd4 13. Qxd4 Bxd4 14. Na4 b5 15.
Nc3 b4 16. Nb1 c5 17. a3 a5 18. a4 Nh7 19. Nd2 Be6 20. h4 f5 21. f4 Nf6 22. Nf3
fxe4 23. dxe4 Nxe4 24. Kd3 Nf2+ 25. Ke2 Nxh1 26. fxe5 Nxg3+ 27. Kd3 Rxf3+ 28.
Kc2 b3+ 29. Kd2 Rf2+ 30. Ke1 Raf8 31. Ra3 Rf1+ 32. Kd2 R8f2+ 33. Kd3 Rd1+ 0-1

[Event "AUTO-ADV-1551"]
[Site "http://www.queenalice.com/game.php?id=688379"]
[Date "2009.11.25"]
[Round "1"]
[White "kasparinov"]
[Black "LadyAndrea"]
[Result "1-0"]
[WhiteElo "1989"]
[BlackElo "1736"]

1. e4 e5 2. Nf3 d6 3. Bc4 Nf6 4. Nc3 a6 5. d4 h6 6. dxe5 Nfd7 7. e6 Ne5 8. Nxe5
dxe5 9. exf7+ Ke7 10. Nd5+ Kxf7 11. Qh5+ Ke6 12. Bf4 Kd6 13. Qg6+ Kc5 14. Be3+
Kxc4 15. b3+ Kb5 16. a4+ Ka5 17. Bd2+ 1-0

[Event "AUTO-ADV-1551"]
[Site "http://www.queenalice.com/game.php?id=688380"]
[Date "2009.11.25"]
[Round "1"]
[White "LadyAndrea"]
[Black "kasparinov"]
[Result "0-1"]
[WhiteElo "1695"]
[BlackElo "2047"]

1. d4 Nf6 2. e3 d5 3. Nc3 e6 4. a3 c5 5. dxc5 Bxc5 6. Nf3 Nc6 7. Bb5 Bd7 8. Bxc6
Bxc6 9. Ne5 Qc7 10. f4 O-O 11. Nxc6 Qxc6 12. O-O Rad8 13. b4 Bxe3+ 14. Bxe3 Qxc3
15. Bd4 Qc4 16. c3 b5 17. Qf3 a6 18. Bxf6 gxf6 19. Qg3+ Kh8 20. Qe3 Rc8 21. Rac1
Rg8 22. f5 e5 23. h3 Qb3 24. Qd2 Rg3 25. Rf3 Rxf3 26. gxf3 Qxa3 27. Rc2 Qa1+ 28.
Rc1 Qa3 29. Rc2 Qb3 30. Kf2 d4 31. Rb2 Qxc3 32. Qxc3 dxc3 0-1

[Event "AUTO-ADV-1551"]
[Site "http://www.queenalice.com/game.php?id=688395"]
[Date "2009.11.25"]
[Round "1"]
[White "Endy"]
[Black "LadyAndrea"]
[Result "1-0"]
[WhiteElo "1877"]
[BlackElo "1747"]

1. e4 Nc6 2. d4 d5 3. e5 e6 4. a3 Nge7 5. Bb5 a6 6. Ba4 b5 7. Bb3 Nf5 8. Bg5 Qd7
9. Nf3 f6 10. exf6 gxf6 11. Bxf6 Rg8 12. Ng5 h6 13. Qh5+ Qf7 14. Qxf7# 1-0

[Event "AUTO-ADV-1551"]
[Site "http://www.queenalice.com/game.php?id=688396"]
[Date "2009.11.25"]
[Round "1"]
[White "LadyAndrea"]
[Black "Endy"]
[Result "0-1"]
[WhiteElo "1716"]
[BlackElo "1938"]

1. d4 d5 2. e3 Nf6 3. Bb5+ c6 4. Ba4 b5 5. Bb3 Qa5+ 6. c3 e6 7. a4 Ne4 8. Nd2
Be7 9. Nxe4 dxe4 10. Ne2 b4 11. c4 c5 12. dxc5 Bxc5 13. Nd4 O-O 14. O-O Bxd4 15.
Qxd4 f5 16. Rd1 Nc6 17. Qd2 Ne5 18. Bc2 Nxc4 19. Qd4 Qc7 20. b3 Nb6 21. Bb2 Nd5
22. Rac1 Nc3 23. Bxc3 bxc3 24. Bb1 Rd8 25. Qxc3 Rxd1+ 26. Rxd1 Qxc3 27. Rd8+ Kf7
0-1

[Event "AUTO-ADV-1551"]
[Site "http://www.queenalice.com/game.php?id=688407"]
[Date "2009.11.25"]
[Round "1"]
[White "LadyAndrea"]
[Black "phystutordotcom"]
[Result "0-1"]
[WhiteElo "1690"]
[BlackElo "2118"]

1. d4 d6 2. e3 Nf6 3. h3 g6 4. Bd3 Bg7 5. Nf3 O-O 6. b3 Nbd7 7. Bb2 e5 8. dxe5
dxe5 9. Nxe5 Ne8 10. Nc4 f6 11. Nbd2 Nb6 12. Nf3 Be6 13. O-O Nxc4 14. bxc4 Nd6
15. Ba3 Rf7 16. c5 Nf5 17. Re1 c6 18. e4 Nd4 19. Nxd4 Qxd4 20. Qe2 Raf8 21. Qf3
f5 22. Qe3 Qxe3 23. Rxe3 Bxa1 24. Rg3 Be5 25. Rg5 Bf4 26. Rg3 Bxg3 27. fxg3 fxe4
28. Bxe4 Bxa2 29. Bf3 Rxf3 30. g4 Rf2 31. c3 Bd5 0-1

[Event "AUTO-ADV-1551"]
[Site "http://www.queenalice.com/game.php?id=688408"]
[Date "2009.11.25"]
[Round "1"]
[White "phystutordotcom"]
[Black "LadyAndrea"]
[Result "1-0"]
[WhiteElo "2189"]
[BlackElo "1688"]

1. Nf3 d5 2. d3 h6 3. Nbd2 Nf6 4. g3 Bg4 5. h3 Bxf3 6. Nxf3 e6 7. Bg2 Nc6 8. O-O
Bd6 9. Re1 Qe7 10. e4 dxe4 11. dxe4 Rd8 12. Qe2 Bc5 13. e5 Nd5 14. a3 a6 15. c4
Nb6 16. b4 Bd4 17. Nxd4 Nxd4 18. Qd3 Nf5 19. Qc3 O-O 20. Bxb7 Nd4 21. Be3 Nf3+
22. Bxf3 f5 23. Bc5 Na4 24. Bxe7 Nxc3 25. Bxf8 Kxf8 26. Re3 Na4 27. Rd1 Rxd1+
28. Bxd1 Nb2 29. Bb3 Ke7 30. a4 g5 31. f4 Kf7 32. b5 axb5 33. cxb5 gxf4 34. gxf4
Ke7 35. Rc3 Kd7 36. Kf2 h5 37. Kg3 c5 38. Rxc5 Nd3 39. Rc6 Nxe5 40. fxe5 1-0

[Event "Challenge01"]
[Site "http://www.queenalice.com/game.php?id=707036"]
[Date "2010.1.2"]
[Round "-"]
[White "LadyAndrea"]
[Black "Capixaba789"]
[Result "1/2-1/2"]
[WhiteElo "1736"]
[BlackElo "1583"]

1. d4 d5 2. e3 Nc6 3. Bb5 Bd7 4. Nc3 e6 5. a3 Nf6 6. Nf3 a6 7. Bxc6 Bxc6 8. Ne5
Bd7 9. b4 Be7 10. Ne2 Bd6 11. Nxd7 Qxd7 12. f4 Ne4 13. O-O O-O 14. Ng3 Nxg3 15.
hxg3 f5 16. Qh5 Rf6 17. Kf2 Rh6 18. Qe2 Qb5 19. Qxb5 axb5 20. Bb2 c6 21. Rh1
Rxh1 22. Rxh1 b6 23. c3 c5 24. Kf3 c4 25. g4 fxg4+ 26. Kxg4 Be7 27. g3 g6 28.
Kf3 h5 29. e4 Bf6 30. e5 Bg7 31. Bc1 Kf7 32. g4 hxg4+ 33. Kxg4 Rh8 34. Rxh8 Bxh8
35. Kg5 Bg7 36. Be3 Bf8 37. Bf2 Be7+ 1/2-1/2

[Event "Challenge02"]
[Site "http://www.queenalice.com/game.php?id=707037"]
[Date "2010.1.2"]
[Round "-"]
[White "Capixaba789"]
[Black "LadyAndrea"]
[Result "1-0"]
[WhiteElo "1622"]
[BlackElo "1709"]

1. e4 Nc6 2. d4 a6 3. Nf3 d5 4. exd5 Qxd5 5. Nc3 Qd8 6. Bc4 Bg4 7. Bxf7+ Kxf7 8.
Ng5+ Ke8 9. Qxg4 Nf6 10. Qe6 Nxd4 11. Qf7+ Kd7 12. O-O Kc8 13. Bf4 Qe8 14. Qc4
e5 15. Rfe1 Bd6 16. Nf7 Nc6 17. Nxh8 Qxh8 18. Bg3 Nd7 19. Ne4 Qf8 20. a3 h6 21.
b4 Nd8 22. Rad1 Nf7 23. Rd3 b5 24. Qc6 Nb6 25. Nxd6+ Nxd6 26. Bxe5 Qe7 27. h3
Ra7 28. Rde3 Qd7 29. Qxd7+ Nxd7 30. Bxd6 cxd6 31. Re8+ Kc7 32. R1e7 Kb6 33. Rxg7
Rb7 34. Ree7 Kc6 35. Rh7 h5 36. Rxh5 Nf6 37. Rxb7 Nxh5 38. Rh7 Nf6 39. Rf7 Nd5
40. g4 Nc3 41. f4 Ne2+ 42. Kf2 Nd4 43. g5 Nxc2 44. g6 Nxa3 45. g7 1-0